000 00858nam a2200277 a 4500
001 22512
003 SK-KTurca
005 20260331135611.0
008 020110s2001 xo 000 1 slo c
020 _a8055100551 (viaz.)
035 _aUKB000299701
040 _aBAA001
_bslo
_cBAA001
_eAACR2
041 1 _aslo
_heng
044 _axo
_cSK
080 _a820(73)-311.4
100 1 _aSheldon, Sidney
_d1917-2007
245 0 0 _aTajomstvo rodiny Winthropovcov
_cSidney Sheldon ; [z anglického originálu preložila Eva Birčáková]
260 _aBratislava
_bIkar
_c2001
300 _a238 s
650 0 7 _aliteratúra americká
_xromány spoločenské
650 0 7 _aromány spoločenské americké
653 _a820(73)-311.4
700 1 _aBirčáková, Eva
_4trl
765 0 _t<<The>> sky is falling
_aSheldon, Sidney, 1917-
942 _2ddc
_cKLDO
_n0
999 _c22512
_d22512